000 00275nam a2200109Ia 4500
008 200302s9999 xx 000 0 und d
100 _aBart Jahn
245 _aResidential Construction Problem Solver
260 _bTata Mcgraw-Hill Co. Inc.
260 _c1998
300 _a470 P.,
999 _c1867
_d1867